| 000 | 01043cam a22002891a 4500 | ||
|---|---|---|---|
| 001 | gs 15000053 | ||
| 003 | DLC | ||
| 005 | 20260227111317.0 | ||
| 008 | 790620s1914 onca f000 0 eng | ||
| 010 | _ags 15000053 | ||
| 035 | _a(OCoLC)5085580 | ||
| 040 |
_aDLC _cTxCM _dPPiU _dOCoLC _dDLC |
||
| 043 | _an-cn-qu | ||
| 050 | 0 | 0 |
_aQH1 _b.C3 no. 3 |
| 051 |
_aQE748 _b.T9 |
||
| 100 | 1 |
_aTwenhofel, William H. _q(William Henry), _d1875-1957. |
|
| 245 | 1 | 4 |
_aThe Anticosti Island faunas / _cby W. H. Twenhofel. |
| 260 |
_aOttawa : _bGovernment printing bureau, _c1914. |
||
| 300 |
_a39 p. : _bill. ; _c25 cm. |
||
| 490 | 1 |
_aMuseum bulletin ; no. 3. _aGeological series ; _vno. 19 |
|
| 500 | _aCover title. | ||
| 500 | _aAt head of title: Canada. Department of mines. | ||
| 500 | _a"October 30, 1914." | ||
| 650 | 0 |
_aPaleontology _zQuébec (Province) _zAnticosti Island. |
|
| 830 | 0 |
_aMuseum bulletin (Victoria Memorial Museum (Canada)) ; _vno. 3. |
|
| 830 | 0 |
_aMuseum bulletin (Victoria Memorial Museum (Canada)). _pGeological series ; _vno. 19. |
|
| 999 |
_c25458 _d25458 |
||